Szczegóły MARC
| 000 -ETYKIETA REKORDU |
| podpole kontrolne o stałej długości |
02162nam a2200505 i 4500 |
| 001 - NUMER KONTROLNY REKORDU |
| pole kontrolne |
15057 |
| 003 - IDENTYFIKATOR NUMERU KONTROLNEGO REKORDU |
| podpole kontrolne |
KOSZ 005 |
| 005 - DATA OSTATNIEJ MODYFIKACJI REKORDU |
| podpole kontrolne |
20220720115434.0 |
| 008 - POLE O STAŁEJ DŁUGOŚCI - DANE KONTROLNE |
| podpole kontrolne o stałej długości |
200307s1972 pl a f 000 0 pol |
| 015 ## - NUMER BIBLIOGRAFII NARODOWEJ |
| Numer bibliografii narodowej |
UWD 1972/8364 |
| 035 ## - NUMER SYSTEMOWY |
| Numer systemowy przejętego rekordu |
991037531109705066 |
| 035 ## - NUMER SYSTEMOWY |
| Numer systemowy przejętego rekordu |
(PL-WaBN)b20063684-48omnis_nlop |
| 035 ## - NUMER SYSTEMOWY |
| Numer systemowy przejętego rekordu |
b20063684 |
| 035 ## - NUMER SYSTEMOWY |
| Numer systemowy przejętego rekordu |
(OCoLC)839014160 |
| 035 ## - NUMER SYSTEMOWY |
| Numer systemowy przejętego rekordu |
(PL)b0000002006368 |
| 035 ## - NUMER SYSTEMOWY |
| Numer systemowy przejętego rekordu |
(EXLNZ-48OMNIS_NETWORK)9910503916405606 |
| 040 ## - ŹRÓDŁO KATALOGOWANIA |
| Instytucja, która sporządziła opis |
WA N |
| Instytucja, która utworzyła rekord |
WA N |
| Instytucja, która dokonała modyfikacji |
KOSZ 005/RW |
| -- |
KOSZ 005/HR |
| 041 1# - KOD JĘZYKA |
| Kod języka tekstu |
pol |
| Kod języka oryginału |
rus |
| 046 ## - DATY KODOWANE |
| Pojedyncza data lub początek okresu powstania dzieła lub zbioru dzieł |
1969 |
| 080 ## - UNIWERSALNA KLASYFIKACJA DZIESIĘTNA - UKD |
| UKD |
621.01 |
| 080 ## - UNIWERSALNA KLASYFIKACJA DZIESIĘTNA - UKD |
| UKD |
658.5 |
| 100 1# - NAZWA OSOBOWA |
| Nazwa osobowa |
Kubarev, Aleksandr Iosofovič |
| Określenie rodzaju współpracy |
Autor |
| 245 10 - TYTUŁ/ODPOWIEDZIALNOŚĆ |
| Tytuł |
Unifikacja w budowie maszyn : |
| Ciąg dalszy tytułu |
ustalanie szeregów typowymiarowych / |
| Pozostałe elementy strefy tytułu i oznaczenia odpowiedzialności |
A. I. Kubariew ; z rosyjskiego tłumaczyli T. Bojańczyk, M. Dworczyk. |
| 246 1# - WARIANT TYTUŁU |
| Treść wyrażenia wprowadzającego |
Tytuł oryginału: |
| Tytuł |
Unifikaciâ v mašinostroenii |
| 260 ## - STREFA ADRESU WYDAWNICZEGO |
| Miejsce wydania |
Warszawa : |
| Nazwa wydawcy/dystrybutora |
Wydawnictwa Normalizacyjne, |
| Data publikacji, dystrybucji/powstania dokumentu |
1972. |
| 300 ## - STREFA OPISU FIZYCZNEGO |
| Objętość |
216 stron, [3] karty tablic : |
| Inne cechy fizyczne |
ilustracje ; |
| Rozmiary |
21 cm. |
| 336 ## - TYP ZAWARTOŚCI |
| Termin opisujący typ zawartości |
Tekst |
| Kod określający zawartość |
txt |
| Źródło (terminu i kodu) |
rdacontent |
| 337 ## - TYP MEDIÓW |
| Tryb odtwarzania |
Bez urządzenia pośredniczącego |
| Kod typu mediów |
n |
| Źródło (terminu i kodu) |
rdamedia |
| 338 ## - TYP/RODZAJ NOŚNIKA |
| Hasło opisujące typ nośnika |
Wolumin |
| Kod typu nośnika |
nc |
| Źródło (terminu i kodu) |
rdacarrier |
| 380 ## - FORMA I TYP PUBLIKACJI |
| Forma i typ publikacji |
Książki |
| 380 ## - FORMA I TYP PUBLIKACJI |
| Forma i typ publikacji |
Publikacje fachowe |
| 388 ## - CZAS POWSTANIA |
| Czas powstania |
1901-2000 |
| 504 ## - UWAGA DOTYCZĄCA BIBLIOGRAFII |
| Informacje o bibliografii |
Bibliografia na stronach 212-[213]. |
| 521 8# - UWAGA DOTYCZĄCA PRZEZNACZENIA CZYTELNICZEGO |
| Przeznaczenie czytelnicze |
Książka jest przeznaczona dla inżynierów i techników zajmujących się zasadami organizacji produkcji, której jedynym z podstawowych elementów jest zagadnienie typizacji i unifikacji wyrobów. Może ona również stanowic cenną pomoc dla pracowników naukowych opracowujących teoretyczne i metodyczne podstawy normalizacji. |
| 650 #7 - HASŁO PRZEDMIOTOWE W FORMIE NAZWY OGÓLNEJ LUB JEDNOSTKOWEJ |
| Nazwa ogólna lub geograficzna |
Przemysł maszynowy |
| Źródło hasła lub terminu |
DBN |
| 650 #7 - HASŁO PRZEDMIOTOWE W FORMIE NAZWY OGÓLNEJ LUB JEDNOSTKOWEJ |
| Nazwa ogólna lub geograficzna |
Organizacja |
| 650 #7 - HASŁO PRZEDMIOTOWE W FORMIE NAZWY OGÓLNEJ LUB JEDNOSTKOWEJ |
| Nazwa ogólna lub geograficzna |
Konstrukcja maszyn i urządzeń |
| Źródło hasła lub terminu |
DBN |
| 658 ## - TERMIN INDEKSOWY - PRZEDMIOT PROGRAMU NAUCZANIA |
| Główny przedmiot programu nauczania |
Inżynieria i technika |
| 700 1# - HASŁO DODATKOWE - NAZWA OSOBOWA |
| Nazwa osobowa |
Bojańczyk, Tadeusz |
| Określenie związku między hasłem a opisywanym materiałem |
Tłumaczenie |
| 700 1# - HASŁO DODATKOWE - NAZWA OSOBOWA |
| Nazwa osobowa |
Dworczyk, Mieczysław |
| Daty związane z nazwą |
(1923-2010) |
| Określenie związku między hasłem a opisywanym materiałem |
Tłumaczenie |
| 710 2# - HASŁO DODATKOWE - NAZWA CIAŁA ZBIOROWEGO |
| Nazwa ciała zbiorowego lub jednostki geograficznej |
Wydawnictwa Normalizacyjne |
| Kod określenia powiązania |
pbl |
| 856 ## - LOKALIZACJA I DOSTĘP DO ELEKTRONICZNYCH DOKUMENTÓW ZDALNYCH |
| Link (URL) |
http://koha.tu.koszalin.pl/cgi-bin/koha/opac-detail.pl?biblionumber=15057 |
| Tekst linku |
Katalog online BPK |
| 942 ## - DODATKOWE ELEMENTY (KOHA) |
| Schemat klasyfikacji |
Uniwersalna Klasyfikacja Dziesiętna |
| Typ dokumentu |
Książka |